Gaming Quiz

Random Gaming or Video Games Quiz

► Find the Video Game Characters Quiz Stats

 Plays Quiz not verified by Sporcle

Score 0/44 Timer 05:00
0 Plays Today
% Correct
Pikachu
95.9%
Mario
95.5%
Sonic
95.5%
Donkey Kong
95.1%
Pac-Man
94.5%
Lara Croft
93.7%
Bowser
93.6%
Yoshi
93.2%
Link
90.4%
Crash
Bandicoot
90.3%
Kirby
90.1%
Pyramid
Head
89.2%
Mega Man
85.9%
Q*Bert
85.8%
Spyro
85.5%
Fox
McCloud
84.8%
Master Chief
82.1%
Sub Zero
81.6%
Inky
80.6%
Sackboy
80.2%
Duke
Nukem
79%
Vault Boy
78.9%
% Correct
Rayman
78.6%
Ryu
78.4%
Solid Snake
78%
Captain Falcon
77.9%
Kratos
75.6%
Samus Aran
74.4%
Leisure Suit
Larry
73.4%
Ezio Auditore
da Firenze
72.6%
GLaDOS
70.7%
Gordon
Freeman
68.3%
Cloud
Strife
68.2%
Big Daddy
67.5%
Conker
63.4%
Jim
61.7%
Lemming
59.8%
Augustus Cole
58.3%
Blanka
57.7%
Guybrush
Threepwood
57.3%
Amaterasu
55.1%
Arthas Menethil
54%
Dirk
the Daring
51.8%
Grimlock
50.5%

You're not logged in!

Compare scores with friends on all Sporcle quizzes.
Join for Free
OR
Log In

You Might Also Like...

Show Comments

Extras

Top Quizzes Today


Score Distribution

Your Account Isn't Verified!

In order to create a playlist on Sporcle, you need to verify the email address you used during registration. Go to your Sporcle Settings to finish the process.

Report this User

Report this user for behavior that violates our Community Guidelines.

Details: